Wszystkie powiaty w Polsce według granic - Statystyki

Ogólne statystyki
  • Ten quiz został rozwiązany 8 329 razy
  • Średni wynik to 233 z 380
Odpowiedzi na mapie
Odpowiedzi zakodowano w zielono-czerwonej skali na mapie do tego quizu, zgodnie z poniższymi procentami.
 
Statystyki odpowiedzi
Powiat % Poprawnych
miasto {Warszawa}
94%
kartuski
93%
legionowski
93%
miasto {Gdynia}
93%
miński
93%
pruszkowski
93%
warszawski-zachodni
93%
gdański
92%
miasto {Gdańsk}
92%
otwocki
92%
piaseczyński
92%
nowodworski
91%
wołomiński
91%
goleniowski
90%
miasto {Sopot}
90%
poznański
90%
krakowski
89%
łódzki wschodni
89%
lubelski
89%
pabianicki
89%
proszowicki
89%
wielicki
89%
białostocki
88%
gryfiński
88%
miasto {Kraków}
88%
miasto {Łódź}
88%
miasto {Poznań}
88%
miasto {Szczecin}
88%
policki
88%
średzki
88%
stargardzki
88%
wrocławski
88%
zgierski
88%
miasto {Ruda Śląska}
87%
toruński
87%
trzebnicki
87%
będziński
86%
miasto {Katowice}
86%
miasto {Wrocław}
86%
mikołowski
86%
bydgoski
85%
miasto {Chorzów}
85%
miasto {Sosnowiec}
85%
bieruńsko-lędziński
84%
miasto {Bydgoszcz}
84%
miasto {Mysłowice}
84%
miasto {Siemianowice Śląskie}
84%
świdnicki
84%
miasto {Białystok}
83%
miasto {Tychy}
83%
olsztyński
83%
miasto {Lublin}
82%
zielonogórski
82%
kielecki
81%
miasto {Olsztyn}
81%
nowosolski
81%
opolski
81%
rzeszowski
81%
miasto {Toruń}
79%
miasto {Zielona Góra}
79%
koszaliński
78%
miasto {Opole}
78%
miasto {Kielce}
77%
miasto {Rzeszów}
77%
suwalski
77%
opatowski
76%
kraśnicki
75%
radomski
75%
gorzowski
74%
łomżynski
74%
opolski
74%
częstochowski
73%
inowrocławski
73%
klobucki
73%
lipnowski
73%
puławski
73%
lipski
72%
miasto {Gorzów Wielkopolski}
72%
miasto {Radom}
72%
przemyski
72%
staszowski
72%
świecki
72%
wągrowiecki
72%
wysokomazowiecki
72%
zwoleński
72%
bielski
71%
gliwicki
71%
hajnowski
71%
miasto {Częstochowa}
71%
nowotomyski
71%
sępoleński
71%
tarnogórski
71%
włoszczowski
71%
brzeski
70%
dzierżoniowski
70%
elbląski
70%
miasto {Suwałki}
70%
miasto {Zabrze}
70%
namysłowski
70%
nyski
70%
płocki
70%
starachowicki
70%
świdnicki
70%
wadowicki
70%
wejherowski
70%
ełcki
69%
ostródzki
69%
słupski
69%
augustowski
68%
koniński
68%
nakielski
68%
oleski
68%
prudnicki
68%
strzelecki
68%
żniński
68%
chełmiński
67%
kaliski
67%
lidzbarski
67%
moniecki
67%
pucki
67%
tarnowski
67%
włocławski
67%
żagański
67%
żarski
67%
bielski
66%
biłgorajski
66%
kluczborski
66%
konecki
66%
malborski
66%
olecki
66%
pleszewski
66%
wrzesiński
66%
aleksandrowski
65%
brzozowski
65%
buski
65%
gnieźnieński
65%
jędrzejowski
65%
kołobrzeski
65%
krapkowicki
65%
krasnostawski
65%
krośnieński
65%
miasto {Koszalin}
65%
myślenicki
65%
nowosądecki
65%
ostrowiecki
65%
pińczowski
65%
radomszczański
65%
sokólski
65%
sulęciński
65%
szczycieński
65%
tucholski
65%
zambrowski
65%
bytowski
64%
cieszyński
64%
kętrzyński
64%
kościański
64%
legnicki
64%
miasto {Elbląg}
64%
miasto {Płock}
64%
mrągowski
64%
skarżyski
64%
słubicki
64%
świebodziński
64%
wałbrzyski
64%
białogardzki
63%
chełmski
63%
kolbuszowski
63%
olkuski
63%
przeworski
63%
pszczyński
63%
sejneński
63%
sztumski
63%
wolsztyński
63%
zamojski
63%
nidzicki
62%
oleśnicki
62%
ostrowski
62%
piotrkowski
62%
śremski
62%
strzelecko-drezdenecki
62%
bartoszycki
61%
chrzanowski
61%
gołdapski
61%
kozienicki
61%
łęczyński
61%
miasto {Bytom}
61%
miasto {Gliwice}
61%
międzyrzecki
61%
myśliborski
61%
pajęczański
61%
sochaczewski
61%
średzki
61%
strzyżowski
61%
zawierciański
61%
bocheński
60%
grodziski
60%
jaworski
60%
miasto {Bielsko-Biała}
60%
miasto {Świnoujście}
60%
obornicki
60%
przysuski
60%
siemiatycki
60%
strzeliński
60%
szamotulski
60%
turecki
60%
gostyniński
59%
kamieński
59%
łobeski
59%
lubartowski
59%
miasto {Kalisz}
59%
płoński
59%
radziejowski
59%
ropczycko-sędziszowski
59%
kolski
58%
niżański
58%
oławski
58%
ostrołęcki
58%
polkowicki
58%
starogardzki
58%
szczecinecki
58%
tczewski
58%
białobrzeski
57%
bialski
57%
brzeski
57%
kłodzki
57%
lubliniecki
57%
miechowski
57%
nowotarski
57%
wąbrzeski
57%
żywiecki
57%
bełchatowski
56%
grudziądzki
56%
janowski
56%
leżajski
56%
lubiński
56%
miasto {Słupsk}
56%
ostrzeszowski
56%
siedlecki
56%
tarnobrzeski
56%
tomaszowski
56%
bolesławiecki
55%
braniewski
55%
golubsko-dobrzyński
55%
gryficki
55%
hrubieszowski
55%
kościerski
55%
lęborski
55%
myszkowski
55%
piski
55%
rybnicki
55%
świdwiński
55%
szydłowiecki
55%
wołowski
55%
gorlicki
54%
limanowski
54%
mogileński
54%
oświęcimski
54%
sieradzki
54%
złotowski
54%
bieszczadzki
53%
jasielski
53%
łańcucki
53%
miasto {Rybnik}
53%
miasto {Tarnów}
53%
miasto {Wałbrzych}
53%
ostrowski
53%
raciborski
53%
sandomierski
53%
dąbrowski
52%
krośnieński
52%
łukowski
52%
miasto {Jaworzno}
52%
sławieński
52%
tomaszowski
52%
wałecki
52%
złotoryjski
52%
giżycki
51%
grajewski
51%
kutnowski
51%
miasto {Dąbrowa Górnicza}
51%
miasto {Konin}
51%
miasto {Legnica}
51%
miasto {Piekary Śląskie}
51%
miasto {Zamość}
51%
pilski
51%
sanocki
51%
wyszkowski
51%
czarnkowsko-trzcianecki
50%
dębicki
50%
karkonoski
50%
miasto {Przemyśl}
50%
sierpecki
50%
skierniewicki
50%
górowski
49%
kwidzyński
49%
łosicki
49%
miasto {Świętochłowice}
49%
miasto {Włocławek}
49%
opoczyński
49%
przasnyski
49%
stalowowolski
49%
brzeziński
48%
garwoliński
48%
miasto {Tarnobrzeg}
48%
poddębicki
48%
słupecki
48%
sokołowski
48%
tatrzański
48%
kolneński
47%
łowicki
47%
makowski
47%
miasto {Łomża}
47%
miasto {Nowy Sącz}
47%
miasto {Piotrków Trybunalski}
47%
mielecki
47%
ząbkowicki
47%
chodzieski
46%
łaski
46%
leszczyński
46%
miasto {Chełm}
46%
miasto {Jelenia Góra}
46%
grójecki
45%
iławski
45%
kamiennogórski
45%
kazimierski
45%
miasto {Grudziądz}
45%
rawski
45%
chojnicki
44%
wieluński
44%
włodawski
44%
żyrardowski
44%
drawski
43%
leski
43%
miasto {Biała Podlaska}
43%
miasto {Krosno}
43%
miasto {Siedlce}
43%
miasto {Żory}
43%
nowomiejski
43%
pułtuski
43%
suski
43%
człuchowski
42%
działdowski
42%
głogowski
42%
łęczycki
42%
miasto {Ostrołęka}
42%
węgrowski
42%
wodzisławski
42%
brodnicki
41%
ciechanowski
41%
jarosławski
41%
miasto {Leszno}
41%
mławski
41%
wschowski
41%
kędzierzyńsko-kozielski
40%
miasto {Jastrzębie-Zdrój}
40%
zgorzelecki
40%
gostyński
39%
grodziski
39%
parczewski
39%
żuromiński
39%
krotoszyński
38%
milicki
38%
radzyński
38%
rawicki
38%
choszczeński
37%
lubański
37%
miasto {Skierniewice}
37%
nowodworski
37%
węgorzewski
36%
wieruszowski
36%
lubaczowski
35%
lwówecki
34%
pyrzycki
34%
rycki
33%
jarociński
30%
zduńskowolski
29%
kępiński
28%
rypiński
28%
głubczycki
27%
międzychodzki
24%
Nie znaleziono quizów pasujących do podanych kryteriów
Rozkład punktacji
Procent ludzi z każdym wynikiem
Percentyl według liczby udzielonych odpowiedzi
Twoja historia wyników
Nie rozwiązałeś tego quizu